000 00563nam a2200181Ia 4500
999 _c20908
_d20908
003 OSt
005 20230920161755.0
008 190216s9999||||xx |||||||||||||| ||und||
020 _a9780521796910
040 _coclc
082 _a954
_bPRA/N
100 1 _aPrakash, Om,
_d1940-
_93147
245 0 _aThe New Cambridge History Of India :
_bEuropean Commercial Enterprise In Pre-colonial India /
_cOm Prakash
260 _bCambridge Uty Press,
_c2000.
_aUK:
300 _a377p
650 _aHistory
942 _cBK
_2ddc
_h954
_iPRA/N
_k954
_mPRA/N